[Event "Catalunya-chT Gp1"]
[Site "Barcelona"]
[Date "2024.01.27"]
[Round "2.1"]
[White "Ootes, Lars"]
[Black "Garriga Cazorla, Pere"]
[Result "0-1"]
[WhiteElo "2388"]
[BlackElo "2466"]
[PlyCount "100"]
[EventDate "2024.01.20"]
[EventType "team-tourn"]
[EventRounds "7"]
[EventCountry "ESP"]
[SourceTitle "CBM 218 Extra"]
[Source "ChessBase"]
[SourceDate "2024.03.31"]
[SourceVersion "1"]
[SourceVersionDate "2024.03.31"]
[SourceQuality "1"]
[WhiteTeam "Tres Peons"]
[BlackTeam "Mollet"]
[WhiteTeamCountry "ESP"]
[BlackTeamCountry "ESP"]

1. e4 c5 2. Nf3 Nc6 3. Nc3 Nf6 4. Bb5 Nd4 5. e5 Nxb5 6. Nxb5 Nd5 7. Qe2 Nc7 8. d4 Nxb5 9. Qxb5 cxd4 10. Nxd4 a6 11. Qa4 e6 12. Be3 b6 13. Nb5 Bb7 14. Nd6+ Bxd6 15. exd6 0-0 16. 0-0-0 Rc8 17. f3 Rc6 18. Kb1 Qf6 19. Qg4 Rfc8 20. Rd2 b5 21. Re1 Rc4 22. Bd4 Qg6 23. Qxg6 hxg6 24. b3 R4c6 25. Bf2 f6 26. Kb2 Kf7 27. h3 Rh8 28. Re3 g5 29. Rc3 e5 30. Rxc6 Bxc6 31. Kc3 Ke6 32. Kb4 a5+ 33. Ka3 Rb8 34. Kb2 Bd5 35. Bc5 g6 36. a3 Rc8 37. Bb6 a4 38. Bc7 Ra8 39. c4 bxc4 40. b4 Bc6 41. Kc3 Bb5 42. Bb6 Rh8 43. Be3 Rh5 44. Bf2 f5 45. Bg3 Rh7 46. Re2 f4 47. Bf2 Kxd6 48. Bc5+ Ke6 49. Rd2 d5 50. Re2 Kf6 0-1

[Event "Titled Tuesday intern op 23rd Jan Early"]
[Site "Chess.com INT"]
[Date "2024.01.23"]
[Round "8"]
[White "Garriga Cazorla, Pere"]
[Black "Durarbayli, Vasif"]
[Result "1-0"]
[WhiteElo "2466"]
[BlackElo "2627"]
[PlyCount "89"]
[EventDate "2024.01.23"]
[EventType "swiss (blitz)"]
[EventRounds "11"]
[EventCountry "USA"]
[SourceTitle "EXT 2025"]
[Source "ChessBase"]
[SourceDate "2024.10.14"]
[SourceVersion "1"]
[SourceVersionDate "2024.10.14"]
[SourceQuality "1"]

1. d4 d5 2. c4 e6 3. Nc3 Nf6 4. Nf3 c6 5. e3 Nbd7 6. Qc2 Bd6 7. Bd3 0-0 8. 0-0 dxc4 9. Bxc4 b5 10. Be2 Bb7 11. e4 e5 12. dxe5 Nxe5 13. Nd4 Neg4 14. g3 Bc5 15. Nf5 Qb6 16. Bxg4 Nxg4 17. Bf4 Rfe8 18. Rac1 g6 19. h3 Nxf2 20. Nh6+ Kg7 21. Rxf2 Bxf2+ 22. Qxf2 Qxf2+ 23. Kxf2 a6 24. Ng4 h5 25. Ne3 Rad8 26. Rc2 c5 27. e5 Rd3 28. h4 c4 29. Ne2 Be4 30. Rc1 f6 31. exf6+ Kxf6 32. b3 cxb3 33. axb3 Rxb3 34. Rc7 Rb2 35. Ke1 Bh1 36. Nd4 Rb4 37. Ndc2 Rc4 38. Bg5+ Ke6 39. Nxc4 bxc4 40. Kd2 Kd5 41. Ne3+ Ke4 42. Rxc4+ Kf3 43. Bf4 g5 44. hxg5 h4 45. gxh4 1-0

[Event "Titled Tuesday intern op 23rd Jan Early"]
[Site "Chess.com INT"]
[Date "2024.01.23"]
[Round "2"]
[White "Krzywda, Andrzej"]
[Black "Garriga Cazorla, Pere"]
[Result "0-1"]
[WhiteElo "2234"]
[BlackElo "2466"]
[PlyCount "114"]
[EventDate "2024.01.23"]
[EventType "swiss (blitz)"]
[EventRounds "11"]
[EventCountry "USA"]
[SourceTitle "EXT 2025"]
[Source "ChessBase"]
[SourceDate "2024.10.14"]
[SourceVersion "1"]
[SourceVersionDate "2024.10.14"]
[SourceQuality "1"]

1. e4 c5 2. Nf3 d6 3. d4 cxd4 4. Nxd4 Nf6 5. Nc3 a6 6. Be3 e5 7. Nb3 Be6 8. h3 h5 9. f4 exf4 10. Bxf4 Nc6 11. Qf3 Ne5 12. Qf2 Rc8 13. 0-0-0 Nfd7 14. Kb1 Be7 15. Nd4 Rxc3 16. Nxe6 fxe6 17. bxc3 0-0 18. Qd2 Qa5 19. c4 Qb6+ 20. Ka1 Bf6 21. c3 Qa5 22. Rc1 Qa3 23. Be3 Nc5 24. Bxc5 Qxc5 25. Bd3 Nd7 26. Rc2 Nb6 27. Rb1 Rf7 28. Qe2 Na4 29. Rb3 Rc7 30. e5 Qxe5 31. Qxe5 Bxe5 32. Kb1 Nc5 33. Bg6 h4 34. Rb6 Na4 35. Rb3 Kf8 36. Rf2+ Bf6 37. Rf3 Ke7 38. Kc2 d5 39. cxd5 exd5 40. Ra3 b5 41. Rxa4 bxa4 42. Rd3 d4 43. Kd2 dxc3+ 44. Kc2 Rb7 45. Re3+ Kd6 46. Re8 Rb2+ 47. Kc1 Rxa2 48. Rb8 Rxg2 49. Rb6+ Kc5 50. Rc6+ Kb4 51. Be4 Re2 52. Bf3 Bg5+ 53. Kd1 Rd2+ 54. Ke1 a3 55. Rxa6 c2 56. Rc6 a2 57. Rb6+ Ka5 0-1

[Event "Titled Tuesday intern op 23rd Jan Early"]
[Site "Chess.com INT"]
[Date "2024.01.23"]
[Round "9"]
[White "Livaic, Leon"]
[Black "Garriga Cazorla, Pere"]
[Result "1-0"]
[WhiteElo "2557"]
[BlackElo "2466"]
[PlyCount "131"]
[EventDate "2024.01.23"]
[EventType "swiss (blitz)"]
[EventRounds "11"]
[EventCountry "USA"]
[SourceTitle "EXT 2025"]
[Source "ChessBase"]
[SourceDate "2024.10.14"]
[SourceVersion "1"]
[SourceVersionDate "2024.10.14"]
[SourceQuality "1"]

1. d4 Nf6 2. c4 e6 3. Nf3 d5 4. Nc3 dxc4 5. e4 b5 6. Nxb5 Nxe4 7. Qc2 Nd6 8. Nxd6+ cxd6 9. Bxc4 Be7 10. h4 Nd7 11. h5 h6 12. d5 e5 13. Be3 0-0 14. g4 Nb6 15. Bxb6 Qxb6 16. Rg1 e4 17. Qxe4 Ba6 18. Bxa6 Qxa6 19. Qe2 Qa5+ 20. Kf1 Bf6 21. Kg2 Rfe8 22. Qd3 Qb4 23. Qf5 Re4 24. a3 Rxg4+ 25. Kh3 Rxg1 26. axb4 Rxa1 27. Nd2 Bxb2 28. Nc4 Bf6 29. Nxd6 Rd8 30. Ne4 Be7 31. Qe5 Bf8 32. Qxa1 Rxd5 33. Ng3 Bxb4 34. Qxa7 Bf8 35. Qa8 Re5 36. Kg2 Rg5 37. f4 Rc5 38. Kf3 Rc3+ 39. Kg4 Rc5 40. Nf5 Rc7 41. Qd8 Ra7 42. Qe8 Rb7 43. Qc8 Ra7 44. Ng3 Re7 45. Kf3 Ra7 46. Ne4 Ra3+ 47. Kg4 Re3 48. Qe8 Ra3 49. f5 Ra6 50. Kf4 Ra7 51. f6 Ra6 52. fxg7 Kxg7 53. Qe5+ Kg8 54. Nf6+ Kh8 55. Nd7+ Bg7 56. Qe8+ Kh7 57. Qxf7 Ra4+ 58. Kf3 Ra6 59. Nf8+ Kh8 60. Ng6+ Kh7 61. Nf8+ Kh8 62. Ne6 Ba1 63. Qe8+ Kh7 64. Qd7+ Kg8 65. Qc8+ Kf7 66. Qxa6 1-0

[Event "Titled Tuesday intern op 09th Jan Early"]
[Site "Chess.com INT"]
[Date "2024.01.09"]
[Round "2"]
[White "Evdokimov, Alexey2"]
[Black "Garriga Cazorla, Pere"]
[Result "0-1"]
[WhiteElo "2227"]
[BlackElo "2466"]
[PlyCount "70"]
[EventDate "2024.01.09"]
[EventType "swiss (blitz)"]
[EventRounds "11"]
[EventCountry "USA"]
[SourceTitle "CBM 218 Extra"]
[Source "ChessBase"]
[SourceDate "2024.03.31"]
[SourceVersion "1"]
[SourceVersionDate "2024.03.31"]
[SourceQuality "1"]

1. d4 Nf6 2. c4 e6 3. Nf3 c5 4. d5 exd5 5. cxd5 d6 6. Nc3 g6 7. e4 Bg7 8. h3 0-0 9. Bd3 a6 10. a4 Nbd7 11. 0-0 Nh5 12. Rb1 Ne5 13. Nxe5 Bxe5 14. f4 Bd4+ 15. Kh2 Qh4 16. Qe1 Qxe1 17. Rxe1 Bf2 18. Rf1 Bg3+ 19. Kg1 f5 20. Be3 Bd7 21. b4 c4 22. Be2 Nf6 23. Rf3 Bh4 24. e5 Ne4 25. Nxe4 fxe4 26. Rff1 c3 27. Rbc1 Rac8 28. a5 Ba4 29. Bd4 c2 30. Kh2 Bb3 31. g3 Be7 32. e6 Bxd5 33. Rfe1 Bxe6 34. Bxa6 bxa6 35. Rxe4 Kf7 0-1

[Event "Titled Tuesday intern op 09th Jan Early"]
[Site "Chess.com INT"]
[Date "2024.01.09"]
[Round "4"]
[White "Garriga Cazorla, Pere"]
[Black "Berezin, Viktor1"]
[Result "1-0"]
[WhiteElo "2466"]
[BlackElo "2307"]
[PlyCount "67"]
[EventDate "2024.01.09"]
[EventType "swiss (blitz)"]
[EventRounds "11"]
[EventCountry "USA"]
[SourceTitle "CBM 218 Extra"]
[Source "ChessBase"]
[SourceDate "2024.03.31"]
[SourceVersion "1"]
[SourceVersionDate "2024.03.31"]
[SourceQuality "1"]

1. d4 Nf6 2. c4 g6 3. Nc3 Bg7 4. e4 0-0 5. h3 d6 6. Be3 a6 7. Nf3 c6 8. Be2 Nbd7 9. 0-0 e5 10. Qc2 exd4 11. Nxd4 Re8 12. b4 a5 13. a3 Qc7 14. Rad1 Nf8 15. Rfe1 Ne6 16. Ndb5 cxb5 17. Nxb5 Qe7 18. Nxd6 Rd8 19. e5 Ne8 20. Bb6 Rd7 21. c5 Bxe5 22. Bb5 Nxd6 23. Bxd7 Bxd7 24. Rxe5 Nb5 25. a4 Nbd4 26. Rxd4 Nxd4 27. Rxe7 Nxc2 28. Rxd7 axb4 29. Rxb7 Nd4 30. Bc7 Rxa4 31. Rb8+ Kg7 32. Be5+ f6 33. Bxd4 b3 34. Be3 1-0

[Event "Titled Tuesday intern op 09th Jan Early"]
[Site "Chess.com INT"]
[Date "2024.01.09"]
[Round "6"]
[White "Garriga Cazorla, Pere"]
[Black "Dmitrenko, Viktor"]
[Result "1-0"]
[WhiteElo "2466"]
[BlackElo "2395"]
[PlyCount "83"]
[EventDate "2024.01.09"]
[EventType "swiss (blitz)"]
[EventRounds "11"]
[EventCountry "USA"]
[SourceTitle "CBM 218 Extra"]
[Source "ChessBase"]
[SourceDate "2024.03.31"]
[SourceVersion "1"]
[SourceVersionDate "2024.03.31"]
[SourceQuality "1"]

1. d4 e6 2. c4 Nf6 3. Nf3 d5 4. Nc3 a6 5. cxd5 exd5 6. Bg5 Be7 7. e3 Be6 8. Bd3 0-0 9. 0-0 c5 10. dxc5 Bxc5 11. Rc1 Be7 12. Nd4 Nc6 13. Nxc6 bxc6 14. Na4 Bd7 15. Nc5 h6 16. Bh4 a5 17. Qa4 Bxc5 18. Rxc5 Re8 19. Rfc1 g5 20. Bg3 Ne4 21. R5c2 h5 22. Bxe4 Rxe4 23. Qb3 Qe7 24. Bc7 d4 25. Bb6 Rb8 26. Bc5 Rxb3 27. Bxe7 Rb5 28. Bc5 dxe3 29. Bxe3 f6 30. h3 Reb4 31. Rd2 Be6 32. Rxc6 Kf7 33. b3 a4 34. Rc7+ Kg6 35. Rd6 Re5 36. Bd2 Rbe4 37. Bc3 Rd5 38. Rb6 axb3 39. axb3 Rd3 40. Rcc6 Kf7 41. b4 h4 42. b5 1-0

[Event "Mediterranean-ch 13th"]
[Site "Platja d'Aro"]
[Date "2023.11.10"]
[Round "8"]
[White "Rojano Alfonso, Carlos"]
[Black "Garriga Cazorla, Pere"]
[Result "0-1"]
[WhiteElo "2207"]
[BlackElo "2462"]
[PlyCount "44"]
[EventDate "2023.11.04"]
[EventType "swiss"]
[EventRounds "9"]
[EventCountry "ESP"]
[SourceTitle "CBM 217 Extra"]
[Source "ChessBase"]
[SourceDate "2024.01.31"]
[SourceVersion "1"]
[SourceVersionDate "2024.01.31"]
[SourceQuality "1"]

1. f4 g6 2. d3 d5 3. e3 Bg7 4. Nf3 Nf6 5. Be2 c5 6. 0-0 Nc6 7. Qe1 0-0 8. Kh1 b6 9. Qh4 Ba6 10. Rf2 Qc7 11. g4 c4 12. d4 Ne4 13. Rg2 Nb4 14. a3 Nxc2 15. Ra2 b5 16. Bd1 b4 17. Bxc2 b3 18. Ra1 bxc2 19. Rxc2 c3 20. Ne1 Qc4 21. h3 f6 22. Nd2 cxd2 0-1